Statistics for General Knowledge Quiz 203

Click here to take the quiz!

General Stats

  • This quiz has been taken 42 times
  • The average score is 6 of 15

Answer Stats

HintAnswer% Correct
What is the official language of Benin?French
78%
Peter Griffin is a character from which animated TV show?Family Guy
73%
Who is Sherlock Holmes' most formidable enemy?Professor Moriarty
60%
What type of comedy show is 'Whose Line Is It Anyway?'?Improvisational
43%
What country had a rebellion against the British in 1798?Ireland
43%
Beginning with L, what is the largest city of the Punjab region in South Asia?Lahore
43%
Who had a hit with the song 'Addicted to Love' in 1986?Robert Palmer
43%
What country used to use an imperial examination system to select civil servants?China
38%
In what year was the first FIFA World Cup held?1930
33%
Jules Maigret is a fictional French police detective created by which writer?Georges Simenon
33%
Beginning with P, what does Japan have 47 of?Prefectures
28%
What type of geographic feature is the Altiplano in South America?Plateau
25%
Youngstown is a city in which US state?Ohio
23%
Beginning with E, what domain do all animals, plants, and fungi belong to?Eukaryote
20%
What time zone is the Canadian island of Newfoundland in?Newfoundland Time Zone
8%

Score Distribution

Percentile by Number Answered

Percent of People with Each Score

Your Score History

You have not taken this quiz